000
00337nam a22001457a 4500
008
230616b ||||| |||| 00| 0 eng d
020
_a
9781680361261
041
_a
eng
080
_2
THIRD EDITION
_a
37
082
_a
37SWA
100
_a
23
101
_a
EDU
245
_a
PRINCIPLES OF ORAL COMMUNICATION
_c
SWAVEY SH
942
_2
udc
_c
BK
999
_c
60008
_d
60008